01648cam a22003377a 4500003000400000005001700004008004100021020002500062020002600087020002200113040005100135042001400186050002300200082002500223100002200248245006900270260003400339300004500373440005900418500003400477504006400511505031700575650002600892650002100918650002000939650002900959650003300988856010601021856009101127856009201218OSt20180829185541.0070703s2008 nyua b 001 0 eng d a9780387726441 (hbk.) a9780387726458 (ebook) a0387726446 (hbk.) aBTCTAcBTCTAdBAKERdYDXCPdMMUdEMUdDLCbeng alccopycat00aRC271.R3bG65 200800a616.9940642222bGMR1 aGoitein, Michael.10aRadiation oncology :ba physicist's-eye view /cMichael Goitein. aNew York :bSpringer,cc2008. axi, 330 p. :bill. (some col.) ;c25 cm. 0aBiological and medical physics, biomedical engineering a"AIP Press"--p. [4] of cover. aIncludes bibliographical references (p. 311-321) and index.0 aRadiation in the treatment of cancer -- Uncertainty -- Mapping anatomy -- Designing a treatment beam -- Biology matters -- Designing a treatment plan -- Motion management -- Planning manually -- IMRT and optimization -- Proton therapy in water -- Proton therapy in the patient -- Quality assurance -- Confidence. 0aCancerxRadiotherapy. 0aMedical physics.12aHealth Physics.12aNeoplasmsxradiotherapy.22aRadiation Oncologyxmethods.423Contributor biographical informationuhttp://www.loc.gov/catdir/enhancements/fy0818/2007932210-b.html423Publisher descriptionuhttp://www.loc.gov/catdir/enhancements/fy0818/2007932210-d.html413Table of contents onlyuhttp://www.loc.gov/catdir/enhancements/fy0818/2007932210-t.html